00540nam a2200157Ia 450000500170000000800410001704100080005808200150006610000230008124500520010426000410015630000090019765000220020699900190022895201350024720250729165333.0250729s2005 xx 000 0 und d aeng a910.7 ARAB aSharma S R9221202 aResearch In Educational and Vocational Guidence aGadagabVidya Nidhi Prakashanac2005 a282p aGeography9221203 c234902d234902 001040708BEDaALbALd2025-07-29eSita Book Houseg110.00l0o910.7 ARABpBED00221r2025-07-29 16:53:33v110.00w2025-07-29yBK